[Event "Tournoi Skype 030B"]
[Site "Skype"]
[Date "????.??.??"]
[Round "7.19"]
[White "Crocioni, Luca"]
[Black "Barrera Mendoza, Carlos"]
[Result "1/2-1/2"]
[WhiteElo "1119"]
[BlackElo "1166"]
[PlyCount "53"]

1. e4 e5 2. Nc3 Nc6 3. Bc4 Nf6 4. Nf3 Nxe4 5. Nd5 Nf6 6. Qe2 d6 7. d4 e4 8.
Nxf6+ Qxf6 9. Qxe4+ Be7 10. Bg5 Bf5 11. Qe3 Qg6 12. O-O Be4 13. Bb5 d5 14. Rfe1
Bxg5 15. Nxg5 O-O 16. Nxe4 dxe4 17. Bxc6 bxc6 18. Rad1 Rfe8 19. c4 Rab8 20. b3
a5 21. d5 cxd5 22. cxd5 f5 23. Qc5 Qb6 24. Qc4 Kh8 25. Kf1 Qb5 26. Rc1 Red8 27.
Qxb5 1/2-1/2

[Event "Tournoi Skype 030B"]
[Site "Skype"]
[Date "????.??.??"]
[Round "7.20"]
[White "Franco, Yolima"]
[Black "Gomez Zuluaga, Jorge Adiel"]
[Result "1-0"]
[WhiteElo "1495"]
[BlackElo "1079"]
[PlyCount "65"]

1. d4 d5 2. c4 Nf6 3. Nc3 e6 4. Nf3 dxc4 5. e4 c6 6. Bxc4 b5 7. Be2 Bb4 8. Bg5
Na6 9. e5 Bxc3+ 10. bxc3 Nd5 11. Bxd8 Kxd8 12. c4 Nc3 13. Qd2 Nxe2 14. Kxe2 b4
15. Qg5+ Ke8 16. Qxg7 Rf8 17. Qxh7 Nc7 18. h4 Rb8 19. Ng5 Ba6 20. Rac1 Rb7 21.
Qg7 Na8 22. Nh7 f5 23. Qxf8+ Kd7 24. Nf6+ Kc7 25. Qxa8 Kb6 26. Qd8+ Rc7 27.
Nd7+ Ka5 28. Qxc7+ Ka4 29. Nc5+ Ka3 30. Nxa6 Kxa2 31. Qa5+ Kb3 32. Qxb4+ Ka2
33. Ra1# 1-0

[Event "Tournoi Skype 030B"]
[Site "Skype"]
[Date "????.??.??"]
[Round "7.21"]
[White "Ruiz Aguilera, Juan Jesus"]
[Black "Malbec, Robert"]
[Result "0-1"]
[WhiteElo "1102"]
[BlackElo "1223"]
[PlyCount "90"]

1. e4 e5 2. Nf3 Nc6 3. Bb5 a6 4. Bxc6 dxc6 5. c3 Bd6 6. d4 Bg4 7. dxe5 Bxf3 8.
Qxf3 Bxe5 9. Bf4 Bxf4 10. Qxf4 Qd7 11. Qe5+ Kf8 12. O-O Re8 13. Qf4 Nf6 14. Nd2
h6 15. Rfe1 Rd8 16. Nf3 Nh7 17. Rad1 Qxd1 18. Qxc7 g6 19. Kf1 Qd6 20. Qxb7 Qd3+
21. Re2 Kg7 22. Ne5 Qb1+ 23. Re1 Qxe1+ 24. Kxe1 Rhf8 25. Nxc6 Rde8 26. e5 Ng5
27. f4 Ne4 28. Ke2 g5 29. Ke3 Nc5 30. Qc7 gxf4+ 31. Kf3 Ne6 32. Qd6 Ra8 33. Nd4
Nxd4+ 34. Qxd4 Rfd8 35. Qe4 Re8 36. Qxf4 Re6 37. Qe4 Rae8 38. Qg4+ Kf8 39. Qb4+
Kg7 40. Qg4+ Kh8 41. Qd4 Rxe5 42. Kf4 f6 43. c4 Rg8 44. g3 h5 45. h4 Rg4+ 0-1

[Event "Tournoi Skype 030B"]
[Site "Skype"]
[Date "????.??.??"]
[Round "7.22"]
[White "Baker, Abi"]
[Black "Moraga Vasquez, Michael"]
[Result "0-1"]
[WhiteElo "1023"]
[BlackElo "1206"]
[PlyCount "176"]

1. c4 Nf6 2. Nc3 g6 3. e4 d6 4. d4 Bg7 5. Nd5 O-O 6. Qb3 Nxe4 7. Bd3 Nf6 8. Ne2
Nxd5 9. cxd5 Re8 10. a4 Nd7 11. Bb5 a6 12. Bxd7 Qxd7 13. h3 e5 14. dxe6 Qxe6
15. Qxe6 Bxe6 16. Be3 Bd5 17. Nf4 Bc4 18. Rc1 b5 19. axb5 axb5 20. Kd2 Ra2 21.
Kc3 c5 22. b3 cxd4+ 23. Bxd4 Bxd4+ 24. Kxd4 Rxf2 25. bxc4 Rxf4+ 26. Kd5 Rf5+
27. Kc6 bxc4 28. Rxc4 Re6 29. Kd7 Rd5 30. Kc7 f5 31. g4 Re4 32. Rhc1 Rdd4 33.
Rxd4 Rxd4 34. gxf5 gxf5 35. Rg1+ Kf7 36. Rg5 Rf4 37. Kxd6 Kf6 38. Rg8 h5 39.
Rf8+ Kg5 40. Ke5 Rf2 41. Rg8+ Kh4 42. Rh8 Rf3 43. Kf6 f4 44. Kf5 Rf1 45. Ke4
Kxh3 46. Rxh5+ Kg4 47. Rh2 Re1+ 48. Kd3 Kg3 49. Rh8 Kf3 50. Kd2 Rg1 51. Rh3+
Rg3 52. Rh8 Kg2 53. Rf8 Rf3 54. Rf5 Kf2 55. Re5 Re3 56. Rf5 f3 57. Rf4 Re2+ 58.
Kd3 Re1 59. Kd4 Rf1 60. Ke4 Re1+ 61. Kd4 Ke2 62. Ke4 f2 63. Rf3 Kd2+ 64. Kf4
f1=Q 65. Rxf1 Rxf1+ 66. Kg3 Ke3 67. Kh4 Kf4 68. Kh3 Rf3+ 69. Kh4 Rg3 70. Kh5
Kf5 71. Kh4 Kf4 72. Kh5 Rh3+ 73. Kg6 Ke5 74. Kg5 Rg3+ 75. Kh4 Ra3 76. Kg5 Ra4
77. Kh5 Kf5 78. Kh6 Ra6+ 79. Kh5 Ra4 80. Kh6 Rh4+ 81. Kg7 Ke5 82. Kf7 Rf4+ 83.
Kg6 Rf5 84. Kg7 Rf6 85. Kh7 Ke6 86. Kg7 Ke7 87. Kh7 Kf7 88. Kh8 Rh6# 0-1

[Event "Tournoi Skype 030B"]
[Site "Skype"]
[Date "????.??.??"]
[Round "7.23"]
[White "Nontsikelelo, Yvonne"]
[Black "Quiel, Aristoteles"]
[Result "0-1"]
[WhiteElo "1000"]
[BlackElo "1196"]
[PlyCount "54"]

1. d4 d5 2. Nc3 e6 3. Bf4 c6 4. Nf3 f5 5. Bg5 Be7 6. Bxe7 Qxe7 7. e3 Nf6 8. Be2
Nbd7 9. O-O O-O 10. h3 h6 11. Ne5 Nxe5 12. dxe5 Nd7 13. f4 b6 14. g4 g5 15.
fxg5 Qxg5 16. Qd4 c5 17. Qf4 Qg7 18. Bd3 Nxe5 19. Rf2 Nxd3 20. cxd3 Bb7 21. Rg2
d4 22. Rg3 Kh8 23. g5 dxc3 24. gxh6 Qxg3+ 25. Qxg3 Rg8 26. Qxg8+ Rxg8+ 27. Kf2
Rg2+ 0-1

[Event "Tournoi Skype 030B"]
[Site "Skype"]
[Date "????.??.??"]
[Round "7.24"]
[White "De Coninck, Philippe"]
[Black "Trapletti, Cosetta"]
[Result "1-0"]
[WhiteElo "1173"]
[BlackElo "1000"]
[PlyCount "29"]

1. d4 d5 2. Bf4 Bf5 3. Nc3 e6 4. e3 c5 5. Nb5 Qe7 6. Nc7+ Kd7 7. Nxa8 b6 8.
Bb5+ Nc6 9. Nf3 Qd8 10. Ne5+ Ke8 11. Bxc6+ Ke7 12. Qe2 Qd6 13. Qa6 Qd8 14. Qb7+
Kd6 15. Nxf7# 1-0

[Event "Tournoi Skype 030B"]
[Site "Skype"]
[Date "????.??.??"]
[Round "7.25"]
[White "Barajas, Nestor"]
[Black "De Nobrega, George"]
[Result "0-1"]
[WhiteElo "1007"]
[BlackElo "1166"]
[PlyCount "76"]

1. e4 e5 2. Nf3 Nc6 3. Bc4 h6 4. c3 Nf6 5. d3 Bc5 6. d4 exd4 7. cxd4 Bb4+ 8.
Bd2 Qe7 9. a3 Bxd2+ 10. Nbxd2 d6 11. O-O O-O 12. Re1 Bg4 13. h3 Bxf3 14. Nxf3
Rfe8 15. Qc2 Nh5 16. Rad1 Nf4 17. Qd2 Qf6 18. Bf1 Ng6 19. g3 Rad8 20. Qc2 Qxf3
21. Bg2 Qf6 22. d5 Nce5 23. Qc3 Rc8 24. Qe3 a6 25. Rc1 h5 26. Rf1 h4 27. f4 Nd7
28. f5 Nge5 29. Qf4 Nd3 30. Qe3 Nxc1 31. Qxc1 hxg3 32. Qe3 Qe5 33. b4 Nf6 34.
Rf4 Nxd5 35. Qxg3 Nxf4 36. Qg5 Nxg2 37. Qxg2 Qxe4 38. Qf3 Qxf3 0-1

[Event "Tournoi Skype 030B"]
[Site "Skype"]
[Date "????.??.??"]
[Round "7.26"]
[White "Farfallini, Michel"]
[Black "Yanez, Leticia Jorgelina"]
[Result "0-1"]
[WhiteElo "1446"]
[BlackElo "1120"]
[PlyCount "58"]

1. e4 e6 2. d4 Nf6 3. Bg5 Be7 4. Nc3 c6 5. Bd3 d6 6. Nf3 Nbd7 7. Qd2 b6 8. e5
Nd5 9. Bxe7 Nxe7 10. exd6 Ng6 11. O-O-O Bb7 12. Be4 f5 13. Nb5 fxe4 14. Nc7+
Kf7 15. Ng5+ Kg8 16. Ncxe6 Qf6 17. Rde1 c5 18. d5 h6 19. Nxe4 Qf5 20. f4 Bxd5
21. Qc3 Bxe6 22. g3 Bxa2 23. Qf3 Bd5 24. g4 Qf7 25. Rhf1 Nf6 26. Nxf6+ Qxf6 27.
Qxd5+ Kh7 28. Re5 Nxe5 29. fxe5 Qxf1+ 0-1

[Event "Tournoi Skype 030B"]
[Site "Skype"]
[Date "????.??.??"]
[Round "7.27"]
[White "Abate, Luigi"]
[Black "Duthoit, Bernard"]
[Result "0-1"]
[WhiteElo "1119"]
[BlackElo "1333"]
[PlyCount "122"]

1. e4 e6 2. g3 d5 3. Nc3 d4 4. Na4 Bd7 5. b3 Bxa4 6. bxa4 e5 7. Nf3 Nc6 8. d3
Bb4+ 9. Bd2 a5 10. Rb1 Nge7 11. Bg2 Ng6 12. O-O O-O 13. Qc1 Bxd2 14. Qxd2 b6
15. Rbc1 Qd7 16. c4 Nb4 17. a3 Na6 18. Qc2 Nc5 19. Rb1 Qxa4 20. Qxa4 Nxa4 21.
Bh3 Nc5 22. Rfd1 Na4 23. Rb3 Nc3 24. Re1 f6 25. Be6+ Kh8 26. h4 h5 27. Nh2 Ne7
28. Nf3 Rab8 29. Rf1 c6 30. Nd2 c5 31. Nb1 a4 32. Rb2 Nxb1 33. Rbxb1 Nc6 34.
Bd7 Na7 35. Bxa4 Rf7 36. Bb5 Nxb5 37. cxb5 Ra7 38. Ra1 Rba8 39. Rfd1 Rxa3 40.
Rab1 Kg8 41. Kg2 Kf7 42. f3 Ke6 43. Kh3 Rc3 44. g4 hxg4+ 45. Kxg4 g6 46. Ra1
Rxa1 47. Rxa1 Rxd3 48. Ra6 f5+ 49. exf5+ gxf5+ 50. Kg5 Rxf3 51. Rxb6+ Kd7 52.
Rc6 Rb3 53. Rxc5 Kd6 54. Rc6+ Kd5 55. h5 Rxb5 56. Rf6 d3 57. Rxf5 Ke6 58. h6
Rb8 59. h7 Rh8 60. Kg6 Rxh7 61. Kxh7 Kxf5 0-1

[Event "Tournoi Skype 030B"]
[Site "Skype"]
[Date "????.??.??"]
[Round "7.28"]
[White "Vincent, Andre"]
[Black "Tolaro, Filippa"]
[Result "1-0"]
[WhiteElo "1332"]
[BlackElo "1114"]
[PlyCount "69"]

1. Nf3 c6 2. d4 d5 3. g3 Bf5 4. Bg2 e6 5. Nc3 Bd6 6. Ne5 Nd7 7. Nxd7 Qxd7 8. e4
dxe4 9. Nxe4 Be7 10. O-O Nf6 11. Re1 Nxe4 12. Bxe4 Bxe4 13. Rxe4 c5 14. c3 O-O
15. Be3 Qd5 16. f3 cxd4 17. cxd4 Rac8 18. b3 Rc7 19. Rc1 Rxc1 20. Qxc1 f5 21.
Re5 Qc6 22. Qxc6 bxc6 23. Rxe6 Bf6 24. Rxc6 Re8 25. Kf2 g5 26. Rxf6 f4 27. gxf4
gxf4 28. Rxf4 Rc8 29. d5 Rc2+ 30. Kg3 Rxa2 31. d6 Ra3 32. d7 Rxb3 33. d8=Q+ Kg7
34. Qg5+ Kh8 35. Rf8# 1-0

[Event "Tournoi Skype 030B"]
[Site "Skype"]
[Date "????.??.??"]
[Round "7.29"]
[White "Reese, Evan"]
[Black "Codina, Teresa"]
[Result "0-1"]
[WhiteElo "1107"]
[BlackElo "1310"]
[PlyCount "56"]

1. e4 c5 2. Nc3 d6 3. Bc4 e6 4. Nf3 Nf6 5. O-O Be7 6. d3 O-O 7. Be3 Nc6 8. d4
cxd4 9. Nxd4 Nxd4 10. Bxd4 Bd7 11. Ne2 Rc8 12. Qd3 e5 13. Bc3 Bg4 14. Bb3 Bh5
15. Bd2 Bg6 16. Qg3 Nxe4 17. Qe3 Nf6 18. Ng3 a6 19. f4 exf4 20. Qxf4 d5 21. Be3
Bc5 22. Rae1 Re8 23. Kh1 Bxe3 24. Rxe3 Rxe3 25. Qxe3 Bxc2 26. Rc1 Bxb3 27. Rxc8
Qxc8 28. Qxb3 Qc1+ 0-1

[Event "Tournoi Skype 030B"]
[Site "Skype"]
[Date "????.??.??"]
[Round "7.30"]
[White "Ibanez, Bittor"]
[Black "Hargez, Dany"]
[Result "1-0"]
[WhiteElo "1080"]
[BlackElo "1296"]
[PlyCount "71"]

1. e4 e5 2. Nf3 Nc6 3. Bc4 Bc5 4. d4 Nxd4 5. O-O d6 6. c3 Ne6 7. b4 Bb6 8. a4
a6 9. Re1 Nf6 10. Bg5 O-O 11. Nbd2 h6 12. Bh4 Nf4 13. Nf1 Bg4 14. h3 Bh5 15.
Ng3 Ng6 16. Nxh5 Nxh4 17. Nxh4 Nh7 18. Qg4 Qg5 19. Qxg5 Nxg5 20. Nf5 g6 21.
Ne7+ Kh7 22. Nf6+ Kg7 23. Ned5 h5 24. Nd7 Rfd8 25. N5xb6 cxb6 26. Nxb6 Rab8 27.
b5 a5 28. Bd5 Nh7 29. Ra3 Nf6 30. Re3 Nd7 31. Nc4 b6 32. Rf3 Nf6 33. Ne3 Rbc8
34. Rxf6 Kxf6 35. Bc6 Rc7 36. Nd5+ 1-0

[Event "Tournoi Skype 030B"]
[Site "Skype"]
[Date "????.??.??"]
[Round "7.31"]
[White "Bustos, Elias Ezequiel"]
[Black "Ponz Lazaro, Ruperto"]
[Result "1-0"]
[WhiteElo "1000"]
[BlackElo "1285"]
[PlyCount "41"]

1. d4 d5 2. Bf4 Nf6 3. Nf3 e6 4. e3 c5 5. c3 Nc6 6. Nbd2 Bd6 7. Ne5 O-O 8. Bd3
Ne7 9. O-O cxd4 10. exd4 Nf5 11. Re1 Be7 12. Rc1 Bd7 13. Qb3 b6 14. Ndf3 Nh5
15. Bd2 Nf6 16. Qd1 Rc8 17. Nxd7 Qxd7 18. Ne5 Qb7 19. Qe2 Nd6 20. Ba6 Ra8 21.
Bxb7 1-0

[Event "Tournoi Skype 030B"]
[Site "Skype"]
[Date "????.??.??"]
[Round "7.32"]
[White "Garcia Arzola, Antonio"]
[Black "Sosa, Juan Carlos"]
[Result "0-1"]
[WhiteElo "1000"]
[BlackElo "1276"]
[PlyCount "62"]

1. d4 e5 2. e3 exd4 3. exd4 Nf6 4. Nc3 d5 5. Bg5 Be6 6. Nf3 Bb4 7. a3 Ba5 8.
Be2 O-O 9. O-O Nc6 10. Bb5 Qd6 11. Bxf6 gxf6 12. Nh4 Qf4 13. g3 Qg5 14. Ne2
Rfe8 15. c3 Bg4 16. f4 Qh5 17. Rf2 Re4 18. Bd3 Re3 19. Ng2 Rf3 20. Qf1 Re8 21.
Nh4 Rxd3 22. f5 Bxe2 23. Qe1 Rde3 24. Qd2 Bg4 25. Kg2 Re2 26. Qf4 Rxf2+ 27.
Kxf2 Re2+ 28. Kg1 Rxb2 29. Re1 Re2 30. Rf1 Bxc3 31. Rf2 Bxd4 0-1

[Event "Tournoi Skype 030B"]
[Site "Skype"]
[Date "????.??.??"]
[Round "7.33"]
[White "Bucherie, Volcy"]
[Black "Huerta Lopez, Cesar Rogelio"]
[Result "0-1"]
[WhiteElo "1274"]
[BlackElo "1097"]
[PlyCount "68"]

1. d4 d5 2. c4 e6 3. Nc3 c6 4. a3 Nf6 5. b4 b6 6. Bb2 Bb7 7. Nf3 h6 8. Ne5 Be7
9. e3 O-O 10. Bd3 Nbd7 11. O-O Bd6 12. f4 Rc8 13. c5 Bc7 14. b5 bxc5 15. bxc6
Bxc6 16. Nxc6 Qe8 17. Nxa7 Ra8 18. Nab5 Bb6 19. Na4 Rb8 20. Nd6 Qe7 21. dxc5
Nxc5 22. Nxc5 Bxc5 23. Bd4 Qxd6 24. g3 Ne4 25. Qg4 Bxd4 26. exd4 Qb6 27. Kg2
Qxd4 28. Rad1 Rb2+ 29. Kh3 Nf2+ 30. Rxf2 Qxf2 31. Kh4 Qxh2+ 32. Qh3 Qf2 33. f5
Qd4+ 34. Qg4 Rh2# 0-1

[Event "Tournoi Skype 030B"]
[Site "Skype"]
[Date "????.??.??"]
[Round "7.34"]
[White "Le Bouill, Pierre"]
[Black "Maccaferri, Massimo"]
[Result "0-1"]
[WhiteElo "1260"]
[BlackElo "1074"]
[PlyCount "74"]

1. d4 e5 2. e4 Nc6 3. c3 Qh4 4. Qd3 Nf6 5. Nf3 Qxe4+ 6. Qxe4 Nxe4 7. dxe5 Bc5
8. Be3 b6 9. Bd3 f5 10. exf6 d5 11. fxg7 Rg8 12. Bxc5 bxc5 13. Nbd2 Bf5 14. Bb5
Kd7 15. Bxc6+ Kxc6 16. Ne5+ Kd6 17. Nef3 Rae8 18. O-O Rxg7 19. Rfe1 Bh3 20. g3
h5 21. Nxe4+ dxe4 22. Rad1+ Ke6 23. Rxe4+ Kf7 24. Rf4+ Ke7 25. Re1+ Kd8 26.
Rxe8+ Kxe8 27. Nh4 Rd7 28. Re4+ Kf7 29. Re1 Rd2 30. Rb1 Ke6 31. Re1+ Kd5 32.
Rb1 Ke4 33. f3+ Kd3 34. Re1 Rxb2 35. f4 Kd2 36. Re5 Rb1+ 37. Kf2 Rf1# 0-1

[Event "Tournoi Skype 030B"]
[Site "Skype"]
[Date "????.??.??"]
[Round "7.35"]
[White "Jones, Malcolm"]
[Black "Koohnavard, Neda"]
[Result "1-0"]
[WhiteElo "1240"]
[BlackElo "1000"]
[PlyCount "67"]

1. e4 e5 2. Nf3 Nc6 3. Bb5 d6 4. c3 Nf6 5. d3 Be7 6. Bc4 b6 7. b4 d5 8. exd5
Nxd5 9. Qb3 Be6 10. a4 O-O 11. h4 h6 12. Qc2 Bf5 13. Qe2 Bg4 14. Qe4 Be6 15.
Ng5 Nf6 16. Qxc6 Bxc4 17. Qxc4 Qd6 18. b5 Qd7 19. Ba3 Bxa3 20. Nxa3 Rad8 21.
O-O-O c5 22. bxc6 Qe7 23. Kb2 Rc8 24. Nb5 a6 25. Na3 b5 26. axb5 axb5 27. Nxb5
Ra8 28. Ne4 Nxe4 29. dxe4 Rfd8 30. Rxd8+ Rxd8 31. c7 Rc8 32. Rd1 Qxh4 33. g3 g6
34. gxh4 1-0

[Event "Tournoi Skype 030B"]
[Site "Skype"]
[Date "????.??.??"]
[Round "7.36"]
[White "Alarcon Alarcon, Marina"]
[Black "Radice, Marco"]
[Result "1/2-1/2"]
[WhiteElo "1202"]
[BlackElo "1000"]
[PlyCount "62"]

1. e4 c5 2. Nf3 d6 3. Bb5+ Nd7 4. d4 cxd4 5. Nxd4 Ngf6 6. Qe2 a6 7. Bxd7+ Bxd7
8. Nc3 b5 9. Be3 e5 10. Nf3 Be7 11. a3 O-O 12. O-O Be6 13. Rfe1 Rb8 14. Bd2 Rc8
15. Qd1 d5 16. Nxe5 dxe4 17. Bg5 Nd5 18. Bxe7 Nxe7 19. Nxe4 Qxd1 20. Raxd1 Rxc2
21. Rd2 Rxd2 22. Nxd2 Nf5 23. Ndf3 h6 24. h3 Bc8 25. Nd3 Bb7 26. Nc5 Bxf3 27.
gxf3 Nh4 28. Re3 a5 29. Kf1 Rc8 30. b4 axb4 31. axb4 Ra8 1/2-1/2

[Event "Tournoi Skype 030B"]
[Site "Skype"]
[Date "????.??.??"]
[Round "7.37"]
[White "Mfengu, Daluthando"]
[Black "Busto, Ricardo"]
[Result "1-0"]
[WhiteElo "1000"]
[BlackElo "1198"]
[PlyCount "63"]

1. e4 c5 2. c4 Nc6 3. Nc3 Nf6 4. Nf3 e6 5. e5 Ng4 6. h3 Ngxe5 7. Be2 Be7 8. O-O
Nxf3+ 9. Bxf3 Ne5 10. Be4 Nxc4 11. d3 Nb6 12. Bf4 d5 13. Nb5 Qd7 14. Nc7+ Kf8
15. Nxa8 dxe4 16. dxe4 Nxa8 17. Qxd7 Bxd7 18. Rad1 Nb6 19. Bc7 Bb5 20. Rfe1 Na8
21. Bd8 Ke8 22. Bxe7 Kxe7 23. b3 Bc6 24. f3 Nc7 25. Re3 Re8 26. Red3 c4 27.
bxc4 Ba4 28. Rb1 b6 29. Ra3 Bc2 30. Rb2 Bd3 31. Rxa7 Bxc4 32. Rxc7+ 1-0

[Event "Tournoi Skype 030B"]
[Site "Skype"]
[Date "????.??.??"]
[Round "7.38"]
[White "Rivalta, Paolo"]
[Black "Valencia Gutierrez, Victor Hugo"]
[Result "1-0"]
[WhiteElo "1142"]
[BlackElo "1000"]
[PlyCount "53"]

1. e4 e5 2. Nf3 Nc6 3. Bc4 h6 4. Nc3 Nf6 5. O-O Bc5 6. a3 d6 7. b4 Bd4 8. Nxd4
exd4 9. Nd5 Bg4 10. Nxf6+ Qxf6 11. Qxg4 h5 12. Qd1 Ne5 13. Bb3 h4 14. h3 g5 15.
d3 g4 16. f4 gxh3 17. fxe5 Qg6 18. Bxf7+ Qxf7 19. Rxf7 O-O-O 20. Qg4+ Kb8 21.
Qxh3 Rdg8 22. Bf4 Re8 23. Qd7 Rc8 24. exd6 Rhd8 25. dxc7+ Ka8 26. cxd8=Q a6 27.
Qxb7# 1-0

[Event "Tournoi Skype 030B"]
[Site "Skype"]
[Date "????.??.??"]
[Round "7.40"]
[White "Colangelo, Michele"]
[Black "Luna Perez Vico, Lorenzo"]
[Result "1/2-1/2"]
[WhiteElo "1189"]
[BlackElo "1341"]
[PlyCount "51"]

1. e4 c5 2. Nf3 Nc6 3. c3 e6 4. d4 d5 5. e5 Qb6 6. Nbd2 cxd4 7. Nxd4 Nxd4 8.
cxd4 Qxd4 9. Bb5+ Bd7 10. Bxd7+ Kxd7 11. Nf3 Qxd1+ 12. Kxd1 Bc5 13. Be3 Bxe3
14. fxe3 Ne7 15. Re1 h6 16. e4 dxe4 17. Rxe4 Rhd8 18. Rc1 Ke8+ 19. Ke2 Nc6 20.
a3 Rd5 21. Rd1 Rxd1 22. Kxd1 Rd8+ 23. Kc2 Rd5 24. Kc3 a6 25. b4 b5 26. h3
1/2-1/2

[Event "Tournoi Skype 030B"]
[Site "Skype"]
[Date "????.??.??"]
[Round "7.41"]
[White "Vervoort, Jean-Louis"]
[Black "Salvi, Angele"]
[Result "0-1"]
[WhiteElo "1273"]
[BlackElo "1000"]
[PlyCount "86"]

1. d4 d5 2. Bf4 Nf6 3. Nd2 e6 4. c3 Be7 5. e3 O-O 6. Bd3 Nbd7 7. Ngf3 b6 8. Qc2
c5 9. O-O-O c4 10. Be2 b5 11. b3 Nb6 12. bxc4 bxc4 13. Ne5 Ba6 14. f3 Qd6 15.
Kb1 Qa3 16. Ka1 Bb5 17. Rb1 Qa6 18. e4 Rfd8 19. Bg5 Ba4 20. Qc1 Qb7 21. Bxf6
gxf6 22. Ng4 Kg7 23. e5 fxe5 24. Nxe5 Rdc8 25. f4 a6 26. g4 Qc7 27. f5 Qd6 28.
fxe6 fxe6 29. Rf1 Be8 30. Qc2 a5 31. Rf2 Bh4 32. Rf3 Ra7 33. Rh3 Ba4 34. Qb2
Bd8 35. Rf1 Be8 36. Qb1 Kg8 37. Rhf3 Rcc7 38. Qe1 Kg7 39. Qf2 Na4 40. Rf8 Qa3
41. Ndxc4 Qxc3+ 42. Kb1 Rab7+ 43. Nb6 Rxb6+ 0-1

[Event "Tournoi Skype 030B"]
[Site "Skype"]
[Date "????.??.??"]
[Round "7.43"]
[White "Montilla Bejarano, Mey"]
[Black "Milanese, Serge"]
[Result "0-1"]
[WhiteElo "1116"]
[BlackElo "1202"]
[PlyCount "60"]

1. d4 Nf6 2. Nf3 d5 3. Bf4 e6 4. e3 Bd6 5. Ne5 Nbd7 6. h3 c5 7. c3 c4 8. Be2
Ne4 9. Nd2 Ndf6 10. Nf1 O-O 11. f3 Nxc3 12. bxc3 Bd7 13. g4 Qa5 14. Nxd7 Qxc3+
15. Nd2 Bxf4 16. Nxf6+ gxf6 17. exf4 Qxd4 18. Rc1 Rac8 19. Rc2 Qxf4 20. Nf1 Qe5
21. h4 d4 22. Rxc4 Rxc4 23. Kf2 Rc3 24. Kg2 Rd8 25. Bd3 Ra3 26. Qd2 Rc8 27. h5
Rcc3 28. Bb1 Rxf3 29. Qc2 Rg3+ 30. Kf2 Raf3# 0-1

[Event "Tournoi Skype 030B"]
[Site "Skype"]
[Date "????.??.??"]
[Round "7.44"]
[White "Delgado Abate, Bryan Xavier"]
[Black "Ruiz Gomez, Luz Alba"]
[Result "0-1"]
[WhiteElo "1109"]
[BlackElo "1192"]
[PlyCount "76"]

1. e4 e5 2. Bc4 Nf6 3. Nc3 Bc5 4. h3 h6 5. Nf3 Nc6 6. a3 d6 7. Na4 a6 8. Nxc5
dxc5 9. d3 O-O 10. Be3 b6 11. Bxh6 gxh6 12. Qd2 Kh7 13. Nh4 Qe8 14. f4 Qe7 15.
O-O Nxe4 16. dxe4 Qxh4 17. Rf3 Be6 18. Bxe6 fxe6 19. Raf1 Rad8 20. Rd3 exf4 21.
Rd7+ Kg8 22. Rd1 e5 23. Qd5+ Kh8 24. Qxc6 Qg5 25. Qxc7 f3 26. g4 f2+ 27. Kf1
Rc8 28. Qb7 Rb8 29. Qxa6 Rfd8 30. Qa7 Kg8 31. Qc7 Rbc8 32. Qd6 Rxd7 33. Qxd7
Rf8 34. Qe6+ Kh8 35. Qf5 Rxf5 36. exf5 e4 37. Kxf2 b5 38. Re1 Qe7 0-1

[Event "Tournoi Skype 030B"]
[Site "Skype"]
[Date "????.??.??"]
[Round "7.46"]
[White "Achicanoy, Yolanda"]
[Black "Ortis, Yves"]
[Result "0-1"]
[WhiteElo "1000"]
[BlackElo "1148"]
[PlyCount "75"]

1. e4 c5 2. Bc4 e6 3. Nf3 Nc6 4. d3 a6 5. a3 b5 6. Bb3 Bb7 7. Nbd2 h6 8. c4 d6
9. O-O Nf6 10. Ba2 Nd4 11. Ne1 d5 12. e5 Nd7 13. Qh5 g6 14. Qh3 Nxe5 15. f4 Nd7
16. Nef3 Ne2+ 17. Kf2 Nxf4 18. Qg3 Qc7 19. cxd5 Bd6 20. Ke3 Bxd5 21. Bxd5 Nxd5+
22. Ke2 Bxg3 23. hxg3 Qxg3 24. Ne4 Qxg2+ 25. Rf2 Nf4+ 26. Ke3 Nd5+ 27. Ke2 Qh3
28. b3 O-O 29. Bd2 Qf5 30. Rh1 h5 31. Nd6 Nf4+ 32. Bxf4 Qxf4 33. Ne4 Ne5 34.
Rh4 Ng4 35. Rf1 Qe3+ 36. Kd1 Qxd3+ 37. Ke1 Qb1+ 38. Ke2 0-1

[Event "Tournoi Skype 030B"]
[Site "Skype"]
[Date "????.??.??"]
[Round "7.47"]
[White "Jimenez Del Rosario, Alsis Raynely"]
[Black "Franco Flores, Ximena"]
[Result "0-1"]
[WhiteElo "1141"]
[BlackElo "1000"]
[PlyCount "37"]

1. e4 e5 2. Nf3 Nc6 3. d4 exd4 4. Nxd4 Nxd4 5. Qxd4 b6 6. a3 Bb7 7. Nc3 Bc5 8.
Qe5+ Qe7 9. Qxg7 Qf6 10. Qxf6 Nxf6 11. e5 Ng4 12. Ne4 Bxe4 13. f3 Nf2 14. fxe4
Nxh1 15. b4 Bd4 16. Rb1 Bxe5 17. c4 Bxh2 18. Be3 Ng3 19. Bf4 0-1

[Event "Tournoi Skype 030B"]
[Site "Skype"]
[Date "????.??.??"]
[Round "7.48"]
[White "Erten, Ozlem"]
[Black "Jacinto Sebastian, Carlos Ivan"]
[Result "1-0"]
[WhiteElo "1138"]
[BlackElo "1000"]
[PlyCount "45"]

1. d4 e5 2. e4 Nc6 3. Nf3 Nf6 4. Nc3 Be7 5. d5 Nb4 6. a3 Na6 7. Nxe5 d6 8. Nf3
O-O 9. Bd3 c6 10. O-O h6 11. Nh4 Ng4 12. Nf5 Ne5 13. f4 Ng6 14. Nxe7+ Qxe7 15.
Qh5 Nc5 16. f5 Nh4 17. f6 Qd7 18. Qxh4 g6 19. Qxh6 Ne6 20. dxe6 fxe6 21. Qxg6+
Kh8 22. f7 Qc7 23. Qh6# 1-0

[Event "Tournoi Skype 030B"]
[Site "Skype"]
[Date "????.??.??"]
[Round "7.49"]
[White "Dodi, Roberto"]
[Black "Schuh, David"]
[Result "0-1"]
[WhiteElo "1000"]
[BlackElo "1103"]
[PlyCount "111"]

1. d4 Nf6 2. Nf3 g6 3. g3 Bg7 4. Bg2 d5 5. O-O O-O 6. c4 c6 7. Qc2 Nbd7 8. a4
a6 9. Bf4 b6 10. Nbd2 Bb7 11. b4 Rc8 12. e3 c5 13. bxc5 bxc5 14. Nb3 Re8 15.
Rfe1 Nb6 16. Na5 Ba8 17. Qc3 cxd4 18. exd4 dxc4 19. Qc2 Nfd5 20. Be5 f6 21. Bf4
Nxf4 22. gxf4 Qd6 23. f5 Bxf3 24. Bxf3 Qf4 25. Bg2 Qxd4 26. Red1 Qe5 27. Nb7
Rc7 28. Rab1 Nd7 29. Re1 Qf4 30. fxg6 hxg6 31. Re4 Qf5 32. Rbe1 e5 33. Nd6 Qe6
34. Nxe8 Qxe8 35. f4 f5 36. fxe5 fxe4 37. Bxe4 Nxe5 38. Qg2 Rf7 39. Rf1 Bf6 40.
Rf4 Kg7 41. h4 c3 42. Kh1 Rc7 43. h5 g5 44. h6+ Kxh6 45. Qh3+ Kg7 46. Qh7+ Kf8
47. Qh6+ Ke7 48. Rf1 c2 49. Rc1 Rc4 50. a5 Rxe4 51. Rxc2 Ng4 52. Rc3 Qf7 53.
Rc7+ Ke6 54. Rxf7 Nxh6 55. Ra7 Ra4 56. Rc7 0-1

[Event "Tournoi Skype 030B"]
[Site "Skype"]
[Date "????.??.??"]
[Round "7.50"]
[White "Dib, Catherine"]
[Black "Santa Cruz, Oscar Ruben"]
[Result "0-1"]
[WhiteElo "1096"]
[BlackElo "1000"]
[PlyCount "80"]

1. Nf3 d5 2. c4 e6 3. g3 dxc4 4. Na3 b6 5. Bg2 Bb7 6. Nxc4 b5 7. Ne3 Bd6 8. b3
Nf6 9. Bb2 Be4 10. d3 Bb4+ 11. Nd2 Bxg2 12. Nxg2 O-O 13. O-O Nbd7 14. e4 e5 15.
Qc2 Bd6 16. Rad1 c5 17. Nf3 Rc8 18. a3 b4 19. Ne3 bxa3 20. Bxa3 Rb8 21. Nc4 Bc7
22. Bb2 Re8 23. Bc3 h6 24. Qb2 Ng4 25. h3 Ngf6 26. Ncxe5 Qe7 27. Rfe1 Nxe5 28.
Kg2 Rbd8 29. d4 Nxf3 30. Kxf3 g5 31. dxc5 Rxd1 32. Bxf6 Qd7 33. Qe2 Rd3+ 34.
Kg2 Kh7 35. b4 Kg6 36. e5 Qd4 37. Qe4+ Qxe4+ 38. Rxe4 Bxe5 39. Bxe5 Kf5 40. f3
Rd2+ 0-1

[Event "Tournoi Skype 030B"]
[Site "Skype"]
[Date "????.??.??"]
[Round "7.51"]
[White "Baratta, Giuseppe"]
[Black "Gerbaux, Regis"]
[Result "1/2-1/2"]
[WhiteElo "1000"]
[BlackElo "1075"]
[PlyCount "84"]

1. d4 d5 2. Bf4 g6 3. Nc3 e6 4. e3 a6 5. Nf3 Nf6 6. Bd3 Bg7 7. O-O O-O 8. Ne2
Nbd7 9. c4 b6 10. cxd5 exd5 11. Qc2 Re8 12. Bxc7 Qe7 13. Qc6 Rb8 14. Bd6 Bb7
15. Qc7 Qe6 16. Nf4 Qg4 17. Ne5 Nxe5 18. dxe5 Qd7 19. Qxd7 Nxd7 20. Bxb8 Rxb8
21. Rac1 Nxe5 22. Be2 d4 23. exd4 Nc6 24. Bf3 Nxd4 25. Rc7 Nxf3+ 26. gxf3 Bxf3
27. Re1 Rd8 28. Kf1 Bf6 29. Nh3 Bh4 30. Ng1 Bg4 31. Re4 Rd1+ 32. Kg2 Rd2 33.
Rf4 Bd8 34. Rcxf7 Rd7 35. Rf8+ Kg7 36. h3 Be6 37. Nf3 Bd5 38. Kg3 Bc7 39. Ng5
Bxf4+ 40. Rxf4 h6 41. Ne4 Bxe4 42. Rxe4 Rd2 1/2-1/2